| 000 | 00472nam a2200157 a 4500 | ||
|---|---|---|---|
| 005 | 20140414132057.0 | ||
| 008 | 110725s19uu xx 00 eng d | ||
| 020 | _a0877792011 | ||
| 050 |
_aREF 423 _bW38 1986 |
||
| 245 |
_aWebster's Third international dictionary : _bAnd seven language dictionary. |
||
| 260 |
_aUnited state of america : _bMerriam webster, _c1986. |
||
| 650 |
_aEnglish language _xDictionaries. |
||
| 999 |
_c114352 _d114352 |
||